000 00323nam a2200133Ia 4500
008 230818s2003 xx 000 0 und d
041 _aeng
100 _aCostantino
245 _aCocktail deluxe
260 _bSil verdale book wigston
_c2003
300 _a256p
520 _aGeneral
999 _c851985
_d851985
650 _aFood and Beverage service